UBT Library

Fundamentals of cancer epidemiology / (Record no. 47278)

000 -LEADER
fixed length control field 00984cam a22003134a 4500
001 - CONTROL NUMBER
control field 14945491
005 - DATE AND TIME OF LATEST TRANSACTION
control field 20180823081319.0
008 - FIXED-LENGTH DATA ELEMENTS--GENERAL INFORMATION
fixed length control field 070727s2008 mauab b 001 0 eng
010 ## - LIBRARY OF CONGRESS CONTROL NUMBER
LC control number 2007031109
016 7# - NATIONAL BIBLIOGRAPHIC AGENCY CONTROL NUMBER
Record control number 101312807
Source DNLM
020 ## - INTERNATIONAL STANDARD BOOK NUMBER
International Standard Book Number 9780763736187 (alk. paper)
020 ## - INTERNATIONAL STANDARD BOOK NUMBER
International Standard Book Number 076373618X (alk. paper)
035 ## - SYSTEM CONTROL NUMBER
System control number (OCoLC)ocn162143289
035 ## - SYSTEM CONTROL NUMBER
System control number (OCoLC)162143289
Canceled/invalid control number (OCoLC)148795056
040 ## - CATALOGING SOURCE
Original cataloging agency DNLM/DLC
Transcribing agency DLC
Modifying agency NLM
-- BAKER
-- BTCTA
-- YDXCP
-- C#P
-- BWX
-- COO
-- MUQ
-- DLC
041 ## - LANGUAGE CODE
Language code of text/sound track or separate title eng
042 ## - AUTHENTICATION CODE
Authentication code pcc
060 00 - NATIONAL LIBRARY OF MEDICINE CALL NUMBER
Classification number 2008 C-011
060 10 - NATIONAL LIBRARY OF MEDICINE CALL NUMBER
Classification number QZ 220.1
Item number F981 2008
080 ## - UNIVERSAL DECIMAL CLASSIFICATION NUMBER
Universal Decimal Classification number 614.599
082 00 - DEWEY DECIMAL CLASSIFICATION NUMBER
Classification number 614.599
Edition number 22
100 ## - Rafti
Rafti 6
101 ## - Shkurtesa
Shkurtesa KAN
245 00 - TITLE STATEMENT
Title Fundamentals of cancer epidemiology /
Statement of responsibility, etc [edited by] Philip C. Nasca, Harris Pastides.
504 ## - BIBLIOGRAPHY, ETC. NOTE
Bibliography, etc Includes bibliographical references and index.
906 ## - LOCAL DATA ELEMENT F, LDF (RLIN)
a 7
b cbc
c orignew
d 1
e ecip
f 20
g y-gencatlg
942 ## - ADDED ENTRY ELEMENTS (KOHA)
Source of classification or shelving scheme
Item type Books
Holdings
Withdrawn status Lost status Source of classification or shelving scheme Damaged status Not for loan Collection code Permanent location Current location Shelving location Date acquired Total Checkouts Full call number Barcode Date last seen Price effective from Koha item type
          Koleksioni i përgjithshem UBT - Lipjan UBT - Lipjan Koleksioni i përgjithshem 08/23/2018   614.599 NAS 002-3012146 08/23/2018 08/23/2018 Books
UBT Library © 2015-2024. All rights reserved University Education for Business and Technology